000 00456nam a22001457a 4500
999 _c6104
_d6104
008 180320b xxu||||| |||| 00| 0 eng d
020 _a0762313587
082 _a338.5 DEV
100 _aGALBRAITH, Craig. S
245 _aDevelopmental Entrepreneurship
_bAdversity, Risk and Isolation
_cCraig S. Galbraith
_hEnglish
260 _aUnited Kingdom
_bOxford
_c2006
300 _axxiv, 423p
_c23cm
650 _2Developmental Intrepreneurship
942 _2ddc
_cBOOKS